| 000 | 01183nam a22003377a 4500 | ||
|---|---|---|---|
| 003 | CHAP | ||
| 005 | 20220329140058.0 | ||
| 008 | 971013s1983 r 00010 d | ||
| 010 | _a46653 | ||
| 011 | _a47625 | ||
| 035 | _a51768 | ||
| 040 | _cCHAP | ||
| 090 | _aTesis | ||
| 100 | 0 | 0 |
_aTijerina Cantú, Carlos. _9113281 |
| 245 | _aSuplementación de Lactobacillus acidophilus en adición con antibióticos durante iniciación y crecimiento en cerdos | ||
| 260 |
_aMonterrey, N.L. : _bEl autor, _c1983 |
||
| 300 | _a51 h. | ||
| 502 | _aTesis (Ing. Agr. Zootecnista) -- ITESM. Div. de Ciencias Agropecuarias y Marítimas | ||
| 590 |
_aALEPH _b10 _c20130110 _lUCH01 _h1316 |
||
| 590 |
_aBATCH-UPD _b10 _c20130110 _lUCH01 _h1502 |
||
| 590 |
_aBATCH-UPD _b10 _c20130410 _lUCH01 _h0924 |
||
| 590 |
_aBATCH-UPD _b10 _c20130914 _lUCH01 _h1521 |
||
| 590 |
_aCONVERSION _b10 _c20130109 _lUCH01 _h1325 |
||
| 650 | 1 | 4 |
_aAntibioticos en nutricion animal. _96052 |
| 650 | 1 | 4 |
_aGanado porcino _xAlimentación. _945329 |
| 650 | 1 | 4 |
_aGanado porcino _xCrecimiento. _945349 |
| 650 | 1 | 4 |
_aLactobacillus acidophilus. _964350 |
| 901 | _aBK | ||
| 942 | _cTESIS | ||
| 949 |
_bBC _cTES _d-115676 _eTS1 _i51768 _si |
||
| 999 |
_c46653 _d46653 |
||